<?xml version="1.0" encoding="UTF-8"?>
<record
    xmlns:xsi="http://www.w3.org/2001/XMLSchema-instance"
    xsi:schemaLocation="http://www.loc.gov/MARC21/slim http://www.loc.gov/standards/marcxml/schema/MARC21slim.xsd"
    xmlns="http://www.loc.gov/MARC21/slim">

  <leader>01773nam a22002777a 4500</leader>
  <datafield tag="999" ind1=" " ind2=" ">
    <subfield code="c">22007</subfield>
    <subfield code="d">22007</subfield>
  </datafield>
  <controlfield tag="003">AR-CdUCM</controlfield>
  <controlfield tag="008">190425b           ||||| |||| 00| 0 spa d</controlfield>
  <datafield tag="040" ind1=" " ind2=" ">
    <subfield code="a">MUNICIPALIDAD PROVINCIAL DEL CUSCO</subfield>
    <subfield code="c">BIBLIOTECA MUNICIPAL DEL CUSCO</subfield>
  </datafield>
  <datafield tag="082" ind1=" " ind2=" ">
    <subfield code="a">Andinidad/N&#xB0;3/2002</subfield>
  </datafield>
  <datafield tag="110" ind1=" " ind2=" ">
    <subfield code="a">Instituto Nacional de Cultura Cusco</subfield>
    <subfield code="9">9277</subfield>
  </datafield>
  <datafield tag="245" ind1=" " ind2=" ">
    <subfield code="a">Andinidad etnofolklore /</subfield>
    <subfield code="c">Instituto Nacional de Cultura Cusco, Direcci&#xF3;n de Producci&#xF3;n para el Desarrollo Cultural</subfield>
  </datafield>
  <datafield tag="260" ind1=" " ind2=" ">
    <subfield code="a">Cusco.</subfield>
    <subfield code="b">Mercantil,</subfield>
    <subfield code="c">2002.</subfield>
  </datafield>
  <datafield tag="300" ind1=" " ind2=" ">
    <subfield code="a">159 p&#xE1;ginas. :</subfield>
    <subfield code="c">20 cm.</subfield>
  </datafield>
  <datafield tag="440" ind1=" " ind2=" ">
    <subfield code="a">Andinidad Etnofolklore</subfield>
    <subfield code="n">N&#xB0;3, 2002</subfield>
    <subfield code="9">47133</subfield>
  </datafield>
  <datafield tag="505" ind1=" " ind2=" ">
    <subfield code="a">Contenido: Un Apu aculturado. Jes&#xFA;s Washington Rozas &#xC1;lvarez. -- Las deidades andinas en las festividades cat&#xF3;licas. Se&#xF1;or de Choqekillka de Ollantaytambo. Juan de Dios Y&#xE1;bar Pacheco. -- Una devoci&#xF3;n Tres Fiestas. Eldi Zulema Flores Najar. -- El Q&#xE1;kcha de Carnaval en Sicuani. Juan Tuero Villa. -- Rituales ganaderos en &#xD1;awin puqyu. H&#xE9;ctor Espinoza Mart&#xED;nez. -- Iskaychakuy matrimonio en comunidades andinas. Ricardo Valderrama Fern&#xE1;ndez. -- Docencia y patrimonio un matrimonio perfecto. Luis Massa. -- Juego y educaci&#xF3;n. Luis Negr&#xF3;n Alonso. -- Gastronom&#xED;a cusque&#xF1;a chiriuchu. Jos&#xE9; Canal Carhuarupay. -- Poblaciones ind&#xED;genas en Madre de Dios. Rub&#xE9;n Maqque Azorsa. -- Algunas reflexiones sobre el lenguaje. Arminda Gibaja Oviedo.</subfield>
  </datafield>
  <datafield tag="650" ind1=" " ind2=" ">
    <subfield code="a">Cultura andina</subfield>
    <subfield code="9">47134</subfield>
  </datafield>
  <datafield tag="650" ind1=" " ind2=" ">
    <subfield code="a">Folklore</subfield>
    <subfield code="9">47135</subfield>
  </datafield>
  <datafield tag="650" ind1=" " ind2=" ">
    <subfield code="a">Costumbres y tradiciones</subfield>
    <subfield code="9">16130</subfield>
  </datafield>
  <datafield tag="650" ind1=" " ind2=" ">
    <subfield code="a">Religiosidad andina</subfield>
    <subfield code="9">44127</subfield>
  </datafield>
  <datafield tag="700" ind1=" " ind2=" ">
    <subfield code="a">Rozas &#xC1;lvarez, Washington</subfield>
    <subfield code="9">47131</subfield>
  </datafield>
  <datafield tag="700" ind1=" " ind2=" ">
    <subfield code="a">Espinoza Mart&#xED;nez, H&#xE9;ctor</subfield>
    <subfield code="9">47132</subfield>
  </datafield>
  <datafield tag="700" ind1=" " ind2=" ">
    <subfield code="a">Tuero Villa, Juan</subfield>
    <subfield code="9">9559</subfield>
  </datafield>
  <datafield tag="856" ind1=" " ind2=" ">
    <subfield code="u">http://bvirtual.culturacusco.gob.pe/items/show/122</subfield>
    <subfield code="z">Leer en digital</subfield>
  </datafield>
  <datafield tag="942" ind1=" " ind2=" ">
    <subfield code="2">ddc</subfield>
    <subfield code="c">PP</subfield>
  </datafield>
  <datafield tag="945" ind1=" " ind2=" ">
    <subfield code="a">rac</subfield>
  </datafield>
  <datafield tag="952" ind1=" " ind2=" ">
    <subfield code="0">0</subfield>
    <subfield code="2">ddc</subfield>
    <subfield code="4">0</subfield>
    <subfield code="7">0</subfield>
    <subfield code="a">HEM</subfield>
    <subfield code="b">HEM</subfield>
    <subfield code="c">CART</subfield>
    <subfield code="d">2022-02-04</subfield>
    <subfield code="g">10.00</subfield>
    <subfield code="o">Andinidad/N&#xB0;3/2002</subfield>
    <subfield code="p">REVC000534</subfield>
    <subfield code="r">2022-02-04</subfield>
    <subfield code="y">PP</subfield>
  </datafield>
  <datafield tag="952" ind1=" " ind2=" ">
    <subfield code="0">0</subfield>
    <subfield code="2">ddc</subfield>
    <subfield code="4">0</subfield>
    <subfield code="7">0</subfield>
    <subfield code="a">HEM</subfield>
    <subfield code="b">HEM</subfield>
    <subfield code="c">CART</subfield>
    <subfield code="d">2022-02-04</subfield>
    <subfield code="g">10.00</subfield>
    <subfield code="o">Andinidad/N&#xB0;3/2002/e.2</subfield>
    <subfield code="p">REVC000535</subfield>
    <subfield code="r">2022-02-04</subfield>
    <subfield code="y">PP</subfield>
  </datafield>
</record>
